[Event "III Weekend A"]
[Site "Porto Sant'Elpidio ITA"]
[Date "2000.10.22"]
[Round "3"]
[White "Fioravanti, Emidio"]
[Black "Baleani, Emanuele"]
[Result "0-1"]
[WhiteElo "1825"]
[BlackElo "1629"]
[PlyCount "160"]
[EventDate "2000.10.21"]

1.e4 c5 2.Nf3 d6 3.d4 cxd4 4.Nxd4 Nf6 5.Nc3 a6 6.Bc4 e6 7.Bb3 Be7 8.O-O b5
9.Re1 Qc7 10.a3 O-O 11.Kh1 Nc6 12.f4 Nxd4 13.Qxd4 Bb7 14.Be3 Rac8 15.Rad1 
Rfd8 16.Bg1 Qc6 17.Rd3 Nd7 18.Rg3 Bf6 19.Qf2 Bh4 20.Rxg7+ Kxg7 21.Qxh4 Kh8
22.Bd4+ e5 23.Bd5 Qc7 24.Be3 Bxd5 25.Nxd5 Qxc2 26.Nf6 Nxf6 27.Qxf6+ Kg8 
28.Qg5+ Kf8 29.Qf5 Qxb2 30.Qxh7 Qc3 31.Qh8+ Ke7 32.Qh4+ Ke8 33.f5 Kd7 34.
f6 Qxa3 35.Qh3+ Kc6 36.Qh5 Rd7 37.Qd1 Kb7 38.h3 Rc3 39.Qd5+ Kb8 40.Qd2 
Rdc7 41.Bg5 Rc2 42.Qe3 Qxe3 43.Rxe3 Kc8 44.Ra3 R7c6 45.h4 R2c3 46.Ra2 R3c4
47.Re2 Kb7 48.h5 Rc8 49.Kh2 Rh8 50.g4 a5 51.Bd2 Rc2 52.Kg3 b4 53.Rh2 Kc6 
54.g5 Rxd2 55.Rxd2 Rxh5 56.Kg4 Rh8 57.Rc2+ Kd7 58.Ra2 Ra8 59.g6 fxg6 60.
Kg5 Ke6 61.Rh2 Rf8 62.Ra2 Rxf6 63.Rxa5 Rf1 64.Rb5 Rb1 65.Kxg6 b3 66.Kg7 b2
67.Kf8 Rf1+ 68.Ke8 b1=Q 69.Rxb1 Rxb1 70.Kd8 Re1 71.Kc7 Rxe4 72.Kc6 d5 73.
Kc5 d4 74.Kc4 Kf5 75.Kd3 Kf4 76.Kd2 Kf3 77.Kd3 Re3+ 78.Kd2 d3 79.Kc3 Ke2 
80.Kc4 d2 0-1

[Event "III Weekend A"]
[Site "Porto Sant'Elpidio ITA"]
[Date "2000.10.22"]
[Round "3"]
[White "Fratini, Mauro"]
[Black "Castura', Ilario"]
[Result "0-1"]
[WhiteElo "1419"]
[BlackElo "1500"]
[PlyCount "66"]
[EventDate "2000.10.21"]

1.d4 Nf6 2.Bf4 g6 3.Nf3 Bg7 4.e3 d6 5.h3 O-O 6.Nbd2 Nbd7 7.Be2 b6 8.c3 Bb7
9.O-O c5 10.Rc1 a6 11.a3 Rc8 12.Qb3 b5 13.a4 c4 14.Qa3 Re8 15.b4 Ra8 16.
axb5 axb5 17.Qb2 Nb6 18.Ra1 Na4 19.Qc1 Nd5 20.Nb1 Nxf4 21.exf4 Qc7 22.Qe3 
Nb6 23.Na3 Bc6 24.Qd2 Ra7 25.Nh4 Rea8 26.Nc2 Ra2 27.Bf3 Nd5 28.Bxd5 Bxd5 
29.Rxa2 Rxa2 30.Re1 Bf6 31.g3 Bxh4 32.gxh4 Qd7 33.Kh2 Qf5 0-1

[Event "III Weekend A"]
[Site "Porto Sant'Elpidio ITA"]
[Date "2000.10.22"]
[Round "3"]
[White "Mircoli, Filippo"]
[Black "Rinaudo, Sergio"]
[Result "0-1"]
[WhiteElo "1537"]
[BlackElo "1783"]
[PlyCount "70"]
[EventDate "2000.10.21"]

1.e4 c5 2.Nf3 Nc6 3.d4 cxd4 4.Nxd4 Nf6 5.Nc3 g6 6.Be3 Bg7 7.Be2 O-O 8.Qd2 
d5 9.Nxc6 bxc6 10.exd5 cxd5 11.O-O e5 12.Bg5 d4 13.Bxf6 Qxf6 14.Ne4 Qb6 
15.Rab1 Bb7 16.Qd3 Rac8 17.Kh1 Qc6 18.Qb3 Qxc2 19.Qxb7 Qxe2 20.Rfe1 Qc2 
21.Qxa7 f5 22.Ng5 Qxf2 23.Ne6 Rf7 24.Qa6 Qc2 25.h3 d3 26.Rbc1 Qxc1 27.Rxc1
Rxc1+ 28.Kh2 d2 29.Qa8+ Rf8 30.Nxf8 d1=Q 31.Ne6+ Kf7 32.Nd8+ Ke7 33.Nb7 
Qg1+ 34.Kg3 f4+ 35.Kf3 Qe3+ 0-1

[Event "III Weekend A"]
[Site "Porto Sant'Elpidio ITA"]
[Date "2000.10.22"]
[Round "3"]
[White "Morici, Marco"]
[Black "Luciani, Valerio"]
[Result "1/2-1/2"]
[WhiteElo "1606"]
[BlackElo "2131"]
[PlyCount "60"]
[EventDate "2000.10.21"]

1.c4 e5 2.Nc3 Nc6 3.Nf3 g6 4.e4 Bg7 5.Be2 Nge7 6.d3 d6 7.Qb3 Rb8 8.Bg5 O-O
9.Rc1 Kh8 10.a3 Bg4 11.Nd5 f6 12.Be3 Qd7 13.h3 Bxf3 14.Bxf3 Nd4 15.Bxd4 
exd4 16.Nxe7 Qxe7 17.O-O c5 18.Qa4 Qc7 19.Qc2 Qa5 20.Bg4 b5 21.Be6 Qb6 22.
b3 b4 23.a4 Rbe8 24.Bd5 a5 25.Rce1 Qd8 26.Qd2 Qd7 27.Re2 h5 28.Rfe1 Kh7 
29.Qf4 Bh6 30.Qg3 Qe7 1/2-1/2

[Event "III Weekend A"]
[Site "Porto Sant'Elpidio ITA"]
[Date "2000.10.22"]
[Round "3"]
[White "Offidani, Andrea"]
[Black "Marinucci, Johnny"]
[Result "0-1"]
[WhiteElo "1452"]
[BlackElo "1365"]
[PlyCount "74"]
[EventDate "2000.10.21"]

1.e4 Nf6 2.e5 Nd5 3.c4 Nb6 4.d4 d6 5.Nf3 Bg4 6.Be2 Nc6 7.exd6 exd6 8.d5 
Bxf3 9.Bxf3 Qe7+ 10.Qe2 Qxe2+ 11.Bxe2 Nd4 12.Na3 g6 13.Bd3 Bg7 14.O-O Kd7 
15.Be3 Rhe8 16.Rab1 Na4 17.h3 a6 18.h4 Nc5 19.Bc2 Nxc2 20.Nxc2 Nd3 21.Bd4 
Bxd4 22.Nxd4 Re4 23.Nf3 Rxc4 24.Rfd1 Ne5 25.Nxe5+ dxe5 26.g3 Kd6 27.b3 Rd4
28.Rbc1 Rc8 29.Rxd4 exd4 30.Rc4 Kxd5 31.a4 b5 32.axb5 axb5 33.Rc1 c5 34.f3
Re8 35.Kf2 c4 36.bxc4+ bxc4 37.Ra1 d3 0-1

[Event "III Weekend A"]
[Site "Porto Sant'Elpidio ITA"]
[Date "2000.10.22"]
[Round "3"]
[White "Ragnini, Damiano"]
[Black "Cerusico, Carlo"]
[Result "0-1"]
[WhiteElo "1356"]
[BlackElo "1431"]
[PlyCount "154"]
[EventDate "2000.10.21"]

1.e4 e6 2.d4 d5 3.e5 c5 4.Nf3 Nc6 5.Be3 Qb6 6.dxc5 Bxc5 7.Bxc5 Qxc5 8.Nbd2
Bd7 9.Nb3 Qb6 10.Qd2 Nge7 11.g4 O-O 12.Bd3 Ng6 13.Qc3 Rac8 14.Nc5 Rfd8 15.
Nxd7 Rxd7 16.O-O-O Rdc7 17.a3 Na5 18.Qb4 Qxb4 19.axb4 Nc6 20.Bxg6 hxg6 21.
b5 Nd8 22.Nd4 b6 23.c3 Nb7 24.Rd2 Nc5 25.Kb1 a6 26.bxa6 Nxa6 27.Nb5 Re7 
28.Rc2 Nc5 29.b4 Nd7 30.f4 f6 31.Re1 Ra8 32.Ra2 Rxa2 33.Kxa2 fxe5 34.fxe5 
Rf7 35.Re2 Rf4 36.Nd4 Kf7 37.g5 Ke7 38.Kb2 Re4 39.Rxe4 dxe4 40.Kc2 Nxe5 
41.Kd2 Nc4+ 42.Ke2 Kd6 43.h3 Kd5 44.b5 e5 45.Nc6 Ke6 46.h4 Nd6 47.Ke3 Nxb5
48.Kxe4 Nxc3+ 49.Kd3 Nd5 50.Ke4 Nc3+ 51.Kd3 Nd5 52.Nd8+ Kf5 53.Nf7 Nf4+ 
54.Ke3 Ng2+ 55.Kd3 Nxh4 56.Nd6+ Kxg5 57.Ke4 Kf6 58.Nc4 b5 59.Nxe5 Nf5 60.
Nd3 g5 61.Nf2 Nd6+ 62.Kd5 Ke7 63.Kc5 Ke6 64.Nd3 g4 65.Kd4 g5 66.Ke3 Kf5 
67.Kf2 Ne4+ 68.Kg2 g3 69.Kg1 Nf2 70.Nc5 b4 71.Nb3 g4 72.Kg2 Kf4 73.Nd4 Ne4
74.Kg1 Ke3 75.Nc2+ Kf3 76.Nxb4 Nf2 77.Nc2 Nh3+ 0-1

[Event "III Weekend A"]
[Site "Porto Sant'Elpidio ITA"]
[Date "2000.10.22"]
[Round "3"]
[White "Rinaudo, Andrea"]
[Black "Silvestri, Giorgio"]
[Result "1-0"]
[WhiteElo "1813"]
[BlackElo "1584"]
[PlyCount "95"]
[EventDate "2000.10.21"]

1.c4 c5 2.Nf3 Nc6 3.Nc3 Nf6 4.g3 g6 5.Bg2 Bg7 6.O-O O-O 7.d4 cxd4 8.Nxd4 
Nxd4 9.Qxd4 d6 10.Qd3 Nd7 11.b3 Ne5 12.Qc2 Nc6 13.Bb2 Be6 14.Rfd1 Qc8 15.
Nd5 Bxd5 16.Bxg7 Kxg7 17.Bxd5 Kg8 18.Qe4 Qc7 19.Qf4 b6 20.Qe4 Rac8 21.Bxc6
Qxc6 22.Qxe7 Rfe8 23.Qxd6 Qxd6 24.Rxd6 Rxe2 25.a4 Rce8 26.Rad1 Kg7 27.R1d2
R2e7 28.Rd7 h5 29.h4 Re1+ 30.Kg2 R1e7 31.Kf3 Kf8 32.R2d4 Rxd7 33.Rxd7 Re7 
34.Rxe7 Kxe7 35.b4 a5 36.bxa5 bxa5 37.Ke4 Kd6 38.Kd4 f6 39.f4 Kc6 40.c5 
Kd7 41.Kd5 f5 42.c6+ Kc7 43.Kc5 Kc8 44.Kb6 Kb8 45.Kxa5 Kc7 46.Kb5 Kb8 47.
Kb6 Kc8 48.c7 1-0

[Event "III Weekend A"]
[Site "Porto Sant'Elpidio ITA"]
[Date "2000.10.22"]
[Round "3"]
[White "Rinaudo, Claudio"]
[Black "Gasparroni, Daniele"]
[Result "1-0"]
[WhiteElo "1633"]
[BlackElo "1485"]
[PlyCount "57"]
[EventDate "2000.10.21"]

1.e4 c5 2.Nf3 Nc6 3.d4 cxd4 4.Nxd4 g6 5.Be3 Bg7 6.Nc3 Nf6 7.Be2 O-O 8.O-O 
a6 9.a4 d6 10.f4 e5 11.Nxc6 bxc6 12.fxe5 dxe5 13.Bc4 Bb7 14.Bc5 Qxd1 15.
Raxd1 Rfe8 16.Rd6 Rac8 17.Rdxf6 Bxf6 18.Rxf6 Rc7 19.Kf2 Kg7 20.Rd6 Bc8 21.
Bb6 Rd7 22.Rxd7 Bxd7 23.Bxa6 Rb8 24.a5 Bc8 25.Bxc8 Rxc8 26.Na4 Kf8 27.Nc5 
Ke8 28.a6 Ra8 29.a7 1-0

[Event "III Weekend A"]
[Site "Porto Sant'Elpidio ITA"]
[Date "2000.10.22"]
[Round "3"]
[White "Rotoni, Fabrizio"]
[Black "Miandro, Roberto"]
[Result "0-1"]
[WhiteElo "2095"]
[BlackElo "1825"]
[PlyCount "160"]
[EventDate "2000.10.21"]

1.e4 c5 2.c3 Nf6 3.e5 Nd5 4.d4 cxd4 5.cxd4 d6 6.Nf3 Nc6 7.Bc4 e6 8.O-O Nb6
9.Bd3 Be7 10.Nc3 O-O 11.Qe2 Nb4 12.Bb1 N4d5 13.Bd2 Bd7 14.Qe4 g6 15.Qg4 
Nxc3 16.Bxc3 Kg7 17.Qg3 d5 18.h4 h5 19.Bd2 Nc4 20.Bc1 Bb5 21.Rd1 a5 22.a4 
Ba6 23.Ng5 Qe8 24.Qf4 Rh8 25.b3 Nb6 26.Ba3 Bxa3 27.Qf6+ Kg8 28.Rxa3 Nd7 
29.Qf4 Rc8 30.Bd3 Bxd3 31.Rxd3 Kg7 32.Rf3 Rf8 33.Ra1 Qe7 34.Rc1 Rxc1+ 35.
Qxc1 Nb8 36.Qf4 Nc6 37.g4 hxg4 38.Qxg4 Nd8 39.Rf6 Rh8 40.h5 Rh6 41.hxg6 
Rxg6 42.Qh5 Rxg5+ 43.Qxg5+ Kf8 44.Qc1 Nc6 45.Qc3 Ke8 46.f4 Qb4 47.Qxb4 
axb4 48.f5 Nxd4 49.fxe6 fxe6 50.Kf2 Ke7 51.Rf4 Nc6 52.Ke3 Kd7 53.Kd3 Nxe5+
54.Kd4 Kd6 55.Rf1 Nc6+ 56.Kd3 Ne5+ 57.Kd4 Nc6+ 58.Kd3 e5 59.Rh1 Nd4 60.Rb1
Nf5 61.Rh1 e4+ 62.Kd2 Kc5 63.Rh7 b6 64.Rc7+ Kd6 65.Rb7 Kc6 66.Rh7 Nd4 67.
Rh6+ Kc5 68.Rh3 Nf3+ 69.Ke3 Nd4 70.Kd2 Nf5 71.Rh2 Kd4 72.Rh8 e3+ 73.Ke2 
Kc3 74.Rf8 Nd4+ 75.Kxe3 Nxb3 76.Rb8 d4+ 77.Ke2 d3+ 78.Kd1 Nc5 79.Rc8 b3 
80.a5 b2 0-1

[Event "III Weekend A"]
[Site "Porto Sant'Elpidio ITA"]
[Date "2000.10.28"]
[Round "4"]
[White "Baleani, Emanuele"]
[Black "Rinaudo, Andrea"]
[Result "1/2-1/2"]
[WhiteElo "1629"]
[BlackElo "1813"]
[PlyCount "129"]
[EventDate "2000.10.21"]

1.e4 c5 2.Nf3 d6 3.d4 cxd4 4.Nxd4 Nf6 5.Nc3 a6 6.Bg5 e6 7.f4 Be7 8.Qf3 Qc7
9.Be2 b5 10.e5 Bb7 11.Qg3 b4 12.Na4 Ne4 13.exd6 Bxd6 14.Qg4 Nxg5 15.fxg5 
O-O 16.O-O-O Bf4+ 17.Kb1 e5 18.Nf5 Qa5 19.b3 Nc6 20.Nd6 Qc7 21.Nxb7 Qxb7 
22.Rd7 Qb8 23.Bf3 e4 24.Bxe4 Ne5 25.Qxf4 Nxd7 26.Qf5 g6 27.Qxd7 Ra7 28.Qd4
Rd8 29.Qb6 Qxb6 30.Nxb6 Re7 31.Bd3 a5 32.Nc4 Rd5 33.h4 Rc5 34.Rf1 Kf8 35.
Kb2 Kg7 36.Rf6 h6 37.Ra6 hxg5 38.hxg5 Rxg5 39.Nxa5 Rxg2 40.Nc6 Rd7 41.Nxb4
f5 42.Kc1 f4 43.Be4 Rg1+ 44.Kb2 Re7 45.Bd3 f3 46.Nd5 Ree1 47.Nf4 g5 48.Nh3
Rg3 49.Rg6+ Kf7 50.Nxg5+ Ke7 51.Nxf3 Rxf3 52.a4 Kd7 53.Rg4 Re7 54.a5 Kc7 
55.a6 Kb6 56.Rb4+ Ka7 57.Rb7+ Rxb7 58.axb7 Re3 59.Ka3 Kxb7 60.Ka4 Kb6 61.
b4 Rg3 62.Bb5 Rc3 63.Bd3 Kc6 64.b5+ Kb6 65.Bf5 1/2-1/2

[Event "III Weekend A"]
[Site "Porto Sant'Elpidio ITA"]
[Date "2000.10.28"]
[Round "4"]
[White "Castura', Ilario"]
[Black "Rotoni, Fabrizio"]
[Result "0-1"]
[WhiteElo "1500"]
[BlackElo "2095"]
[PlyCount "100"]
[EventDate "2000.10.21"]

1.e4 d5 2.exd5 Qxd5 3.Nc3 Qa5 4.d4 Nf6 5.Nf3 Nc6 6.Bb5 Ne4 7.Bd2 Nxc3 8.
Bxc6+ bxc6 9.Bxc3 Qd5 10.O-O Bg4 11.h3 Bxf3 12.Qxf3 Qxf3 13.gxf3 e6 14.
Rfe1 Bd6 15.Re4 Kd7 16.Rae1 h5 17.R1e3 Rh6 18.Kf1 f5 19.Re5 Bxe5 20.dxe5 
Rhh8 21.f4 c5 22.Rd3+ Kc6 23.Bd2 Rhd8 24.Rxd8 Rxd8 25.Ke2 Rd4 26.f3 Ra4 
27.a3 Kd5 28.Ke3 Ra6 29.Bc3 Kc4 30.Bd2 Rb6 31.Bc3 Rb8 32.h4 Rd8 33.Ke2 Rb8
34.Ke3 a5 35.Ke2 a4 36.Ke3 Rd8 37.Ke2 Rd4 38.Bxd4 cxd4 39.Kd2 c5 40.Kc1 d3
41.Kd2 dxc2 42.Kxc2 g6 43.Kd2 Kb3 44.Kc1 c4 45.Kb1 c3 46.bxc3 Kxc3 47.Kc1 
Kb3 48.Kd2 Kxa3 49.Kc3 Ka2 50.Kc2 a3 0-1

[Event "III Weekend A"]
[Site "Porto Sant'Elpidio ITA"]
[Date "2000.10.28"]
[Round "4"]
[White "Cerusico, Carlo"]
[Black "Brugnoni, Mauro"]
[Result "0-1"]
[WhiteElo "1431"]
[BlackElo "1500"]
[PlyCount "70"]
[EventDate "2000.10.21"]

1.d4 Nf6 2.Nf3 d6 3.Nbd2 g6 4.e3 Bg7 5.Bd3 O-O 6.O-O b6 7.Re1 Bb7 8.c3 
Nbd7 9.e4 c5 10.e5 dxe5 11.Nxe5 Nxe5 12.dxe5 Qxd3 13.exf6 Bxf6 14.Re3 Qd5 
15.f3 Bg5 16.Re2 Rad8 17.c4 Qxc4 18.Qe1 Qd4+ 19.Kh1 Ba6 20.Nb3 Qd1 21.Bxg5
Qxe2 22.Qxe2 Bxe2 23.Bxe7 c4 24.Bxf8 Kxf8 25.h3 cxb3 26.axb3 Rd1+ 27.Rxd1 
Bxd1 28.b4 Ke7 29.Kg1 Kd6 30.Kf2 Kd5 31.Ke3 Kc4 32.Ke4 Kxb4 33.g4 Kb3 34.
g5 Kxb2 35.f4 a5 0-1

[Event "III Weekend A"]
[Site "Porto Sant'Elpidio ITA"]
[Date "2000.10.28"]
[Round "4"]
[White "Luciani, Valerio"]
[Black "Bontempi, Piero"]
[Result "1-0"]
[WhiteElo "2131"]
[BlackElo "2273"]
[PlyCount "101"]
[EventDate "2000.10.21"]

1.d4 d5 2.c4 Bf5 3.Nc3 e6 4.f3 Nf6 5.Bg5 Be7 6.e3 Nbd7 7.Bd3 c6 8.Nge2 Qa5
9.Bxf5 exf5 10.cxd5 cxd5 11.O-O O-O 12.Qd3 g6 13.Nf4 Rfe8 14.a3 a6 15.b4 
Qd8 16.Rac1 Nb6 17.Rfe1 Rc8 18.Qb1 Kg7 19.Qa2 Rc4 20.Bxf6+ Bxf6 21.Ncxd5 
Nxd5 22.Nxd5 Rxc1 23.Rxc1 f4 24.Nxf6 Qxf6 25.e4 Qxd4+ 26.Qf2 Qd3 27.Qb2+ 
Kg8 28.Qc3 Rd8 29.h3 Qxc3 30.Rxc3 Rd1+ 31.Kh2 Ra1 32.Rc7 b5 33.Rc3 Kg7 34.
h4 h5 35.g3 fxg3+ 36.Kxg3 Kf8 37.Kf4 Kg7 38.Kg3 Rg1+ 39.Kf4 g5+ 40.hxg5 h4
41.Rc6 h3 42.Rh6 h2 43.Rxh2 Ra1 44.Rh6 Rxa3 45.Kg4 Ra4 46.Kf5 Rxb4 47.Rxa6
Rb1 48.Ra7 Rc1 49.g6 b4 50.Rxf7+ Kg8 51.Rb7 1-0

[Event "III Weekend A"]
[Site "Porto Sant'Elpidio ITA"]
[Date "2000.10.28"]
[Round "4"]
[White "Marinucci, Johnny"]
[Black "Fioravanti, Emidio"]
[Result "0-1"]
[WhiteElo "1365"]
[BlackElo "1825"]
[PlyCount "92"]
[EventDate "2000.10.21"]

1.d4 Nf6 2.Nf3 e6 3.Bf4 b6 4.h3 Bb7 5.e3 d6 6.Be2 Be7 7.O-O Nbd7 8.c4 c5 
9.Nc3 a6 10.Qa4 O-O 11.Qc2 Rc8 12.b3 h6 13.dxc5 Nxc5 14.Rfd1 Qc7 15.Bh2 
Nfe4 16.Nxe4 Bxe4 17.Qd2 e5 18.Ne1 Bg6 19.Nc2 Ne4 20.Qe1 Nxf2 21.Qxf2 Bxc2
22.Rd2 Bg6 23.Rad1 f5 24.Bf3 Rcd8 25.Bd5+ Kh8 26.h4 Bh5 27.Bf3 Bf7 28.Bd5 
Bh5 29.Rf1 Rf6 30.Qg3 Rdf8 31.Qh3 Qc5 32.Kh1 Bg4 33.Qg3 Rg6 34.Qe1 Bh5 35.
Bg1 e4 36.Rf4 Bg4 37.Qf2 h5 38.Bxe4 Qc8 39.Bb1 Qd8 40.Bxf5 Bxh4 41.Qf1 Bg3
42.Bxg4 Rxf4 43.exf4 Rxg4 44.Bh2 Qh4 45.Qg1 Bxh2 46.Qxh2 Qe1+ 0-1

[Event "III Weekend A"]
[Site "Porto Sant'Elpidio ITA"]
[Date "2000.10.28"]
[Round "4"]
[White "Miandro, Roberto"]
[Black "Morici, Marco"]
[Result "1-0"]
[WhiteElo "1825"]
[BlackElo "1606"]
[PlyCount "91"]
[EventDate "2000.10.21"]

1.c4 e6 2.Nf3 Nf6 3.b3 b6 4.g3 Bb7 5.Bg2 d5 6.Bb2 Be7 7.d3 O-O 8.O-O Nbd7 
9.Nbd2 c5 10.cxd5 exd5 11.d4 Ne4 12.dxc5 Bxc5 13.Nd4 Qf6 14.N2f3 Ne5 15.
Rb1 Nxf3+ 16.Bxf3 Ng5 17.Bg2 Ne6 18.Nb5 Qf5 19.Nd4 Nxd4 20.Bxd4 Rfe8 21.
Bxc5 bxc5 22.Rc1 Rac8 23.Qd2 Ba6 24.Qxd5 Qxd5 25.Bxd5 Rxe2 26.a4 Rd2 27.
Rfd1 Rxd1+ 28.Rxd1 Kf8 29.Be4 g6 30.Rd7 Re8 31.Rxa7 Rxe4 32.Rxa6 Rb4 33.
Ra5 Rxb3 34.Rxc5 Rb7 35.Ra5 Ke7 36.Ra6 Kd7 37.Kg2 Kc7 38.Rf6 Kb8 39.a5 Ka7
40.g4 h6 41.h4 Rd7 42.Kg3 Rc7 43.h5 gxh5 44.gxh5 Rc5 45.Rxf7+ Ka6 46.Rf6+ 
1-0

[Event "III Weekend A"]
[Site "Porto Sant'Elpidio ITA"]
[Date "2000.10.28"]
[Round "4"]
[White "Negri, Jacopo"]
[Black "Mircoli, Filippo"]
[Result "1-0"]
[WhiteElo "1600"]
[BlackElo "1537"]
[PlyCount "69"]
[EventDate "2000.10.21"]

1.e4 c5 2.c3 Nc6 3.d4 cxd4 4.cxd4 e6 5.Nf3 d6 6.Bd3 Nf6 7.a3 Be7 8.O-O O-O
9.Nc3 Re8 10.Qe2 a6 11.Bg5 e5 12.dxe5 dxe5 13.Rfd1 Bg4 14.Be3 Nd4 15.Bxd4 
exd4 16.e5 Nh5 17.h3 Nf4 18.Bxh7+ Kxh7 19.Qe4+ Kg8 20.hxg4 Ne6 21.Nxd4 Qb6
22.Nxe6 Qxe6 23.Rac1 b6 24.Nd5 Bg5 25.Rc6 Qxe5 26.Qxe5 Rxe5 27.f4 Rxd5 28.
Rxd5 Bxf4 29.Kf1 Rb8 30.g5 a5 31.Rf5 Bg3 32.Rb5 Re8 33.Rc1 Re6 34.Rb3 Bh4 
35.Rh3 1-0

[Event "III Weekend A"]
[Site "Porto Sant'Elpidio ITA"]
[Date "2000.10.28"]
[Round "4"]
[White "Offidani, Andrea"]
[Black "Fratini, Mauro"]
[Result "1-0"]
[WhiteElo "1452"]
[BlackElo "1419"]
[PlyCount "45"]
[EventDate "2000.10.21"]

1.e4 Nf6 2.e5 Nd5 3.d4 d6 4.Nf3 Nc6 5.Bc4 Nb6 6.Bb5 Bd7 7.exd6 cxd6 8.O-O 
g6 9.Bg5 Bg7 10.Re1 Nd5 11.c4 Nf6 12.Bxc6 bxc6 13.Nc3 O-O 14.Qd2 Bg4 15.
Re3 h6 16.Bf4 d5 17.Ne5 Qd6 18.c5 Qc7 19.Rg3 g5 20.Bxg5 hxg5 21.Qxg5 Ne8 
22.Qxg4 f6 23.Qe6+ 1-0

[Event "III Weekend A"]
[Site "Porto Sant'Elpidio ITA"]
[Date "2000.10.28"]
[Round "4"]
[White "Rotoni, Matteo"]
[Black "Fioravanti, Diego"]
[Result "1-0"]
[WhiteElo "1831"]
[BlackElo "1618"]
[PlyCount "107"]
[EventDate "2000.10.21"]

1.e4 e5 2.Nf3 Nc6 3.d4 exd4 4.Nxd4 Nf6 5.Nc3 Bb4 6.Nxc6 bxc6 7.Bd3 d5 8.
exd5 Qe7+ 9.Qe2 Qxe2+ 10.Kxe2 cxd5 11.Bf4 c6 12.a3 Bxc3 13.bxc3 O-O 14.f3 
Nh5 15.Be3 Re8 16.Kf2 a5 17.Rab1 Be6 18.Rb6 Rec8 19.Rhb1 f5 20.Ba6 Rc7 21.
Bb7 Rb8 22.Bxc6 Rbc8 23.Bb7 Rxc3 24.Bxc8 Rxc2+ 25.Kf1 Bxc8 26.Rc1 Rxc1+ 
27.Bxc1 Kf7 28.Kf2 h6 29.Rb5 a4 30.Rxd5 Ke6 31.Ra5 Bd7 32.g4 Nf6 33.Rxf5 
Nd5 34.Bb2 g6 35.Rf8 h5 36.gxh5 gxh5 37.Rh8 Nf4 38.Kg3 Ne2+ 39.Kh4 Bc6 40.
Rxh5 Bxf3 41.Ra5 Nf4 42.Kg3 Nd3 43.Kxf3 Nxb2 44.Ke4 Nd1 45.Ra6+ Kf7 46.h4 
Nc3+ 47.Kf5 Kg7 48.h5 Kh7 49.Rc6 Nb5 50.Kg5 Nxa3 51.Rc7+ Kg8 52.Kg6 Kf8 
53.h6 Nb5 54.Rf7+ 1-0

[Event "III Weekend A"]
[Site "Porto Sant'Elpidio ITA"]
[Date "2000.10.28"]
[Round "4"]
[White "Silvestri, Giorgio"]
[Black "Basso, Fabrizio"]
[Result "1-0"]
[WhiteElo "1584"]
[BlackElo "1500"]
[PlyCount "27"]
[EventDate "2000.10.21"]

1.d4 Nf6 2.c4 e6 3.Nf3 b6 4.g3 Bb7 5.Bg2 Bb4+ 6.Bd2 Qe7 7.Nc3 O-O 8.O-O d5
9.cxd5 Nxd5 10.Rc1 Na6 11.Re1 Rfd8 12.Qc2 Nxc3 13.bxc3 Ba3 14.Ng5 1-0

[Event "III Weekend A"]
[Site "Porto Sant'Elpidio ITA"]
[Date "2000.10.29"]
[Round "5"]
[White "Basso, Fabrizio"]
[Black "Offidani, Andrea"]
[Result "1-0"]
[WhiteElo "1500"]
[BlackElo "1452"]
[PlyCount "77"]
[EventDate "2000.10.21"]

1.d4 d5 2.c4 dxc4 3.Nf3 Bf5 4.Nc3 Nf6 5.e3 e6 6.Bxc4 Bb4 7.O-O Bxc3 8.bxc3
Ne4 9.Qb3 b6 10.Ba3 Nd6 11.Be2 Nd7 12.Ne5 Be4 13.Qa4 a6 14.f3 b5 15.Qb3 
Bb7 16.c4 c6 17.Bxd6 Rc8 18.a4 Qb6 19.c5 Qd8 20.f4 Nf6 21.Bf3 Nd5 22.g3 f6
23.Bh5+ g6 24.Nxg6 hxg6 25.Bxg6+ Kd7 26.e4 Ne7 27.f5 Qg8 28.fxe6+ Qxe6 29.
Qxe6+ Kxe6 30.Bxe7 Kxe7 31.h4 Rcd8 32.axb5 cxb5 33.d5 Bxd5 34.exd5 Rxd5 
35.Rfe1+ Kd7 36.c6+ Kc7 37.Rxa6 Rc5 38.Re7+ Kd8 39.Rd7+ 1-0

[Event "III Weekend A"]
[Site "Porto Sant'Elpidio ITA"]
[Date "2000.10.29"]
[Round "5"]
[White "Bontempi, Piero"]
[Black "Baleani, Emanuele"]
[Result "1-0"]
[WhiteElo "2273"]
[BlackElo "1629"]
[PlyCount "81"]
[EventDate "2000.10.21"]

1.e4 c5 2.Nf3 d6 3.d4 cxd4 4.Nxd4 Nf6 5.Nc3 a6 6.Bg5 e6 7.Qd2 Be7 8.O-O-O 
b5 9.Bd3 Bb7 10.f4 Nbd7 11.Rhe1 Qb6 12.Nb3 h6 13.Bh4 Nxe4 14.Nxe4 Bxh4 15.
Bxb5 Bxe1 16.Bxd7+ Kxd7 17.Qxe1 Bxe4 18.Qxe4 Rhd8 19.f5 Rac8 20.fxe6+ fxe6
21.Nd4 Re8 22.Re1 d5 23.Qe5 Re7 24.c3 Qd6 25.Qe2 Qf4+ 26.Kd1 e5 27.Nc2 Qa4
28.Kc1 Qxa2 29.Qg4+ Kd8 30.Qb4 Qc4 31.Qd6+ Ke8 32.Ne3 Qd3 33.Nxd5 Qxd5 34.
Qxd5 Kf8 35.Rf1+ Ke8 36.Qg8+ Kd7 37.Rd1+ Kc7 38.Qc4+ Kb8 39.Qxa6 Ra7 40.
Qb6+ Rb7 41.Qd6+ 1-0

[Event "III Weekend A"]
[Site "Porto Sant'Elpidio ITA"]
[Date "2000.10.29"]
[Round "5"]
[White "Brugnoni, Mauro"]
[Black "Fioravanti, Diego"]
[Result "0-1"]
[WhiteElo "1500"]
[BlackElo "1618"]
[PlyCount "72"]
[EventDate "2000.10.21"]

1.d4 Nf6 2.c4 e5 3.d5 Bc5 4.e3 d6 5.Nc3 a6 6.b4 Ba7 7.Bd3 O-O 8.Nge2 Nbd7 
9.Ng3 Nb6 10.Qc2 Bd7 11.a4 Nc8 12.Nce4 Nxe4 13.Bxe4 h6 14.Bb2 Ne7 15.Nf5 
g6 16.g4 gxf5 17.gxf5 f6 18.O-O-O Qe8 19.Rhg1+ Kh7 20.Rg6 Nxg6 21.fxg6+ 
Kg7 22.Bf5 Bxa4 23.Qe2 Bxd1 24.Qxd1 b5 25.Qc2 bxc4 26.Qxc4 Bb6 27.h4 Qa4 
28.Bc2 Qd7 29.h5 Rfc8 30.Kd2 c6 31.dxc6 Rxc6 32.Qd5 Rcc8 33.Bf5 Qe7 34.f4 
Rf8 35.Ke2 exf4 36.Bxf6+ Rxf6 0-1

[Event "III Weekend A"]
[Site "Porto Sant'Elpidio ITA"]
[Date "2000.10.29"]
[Round "5"]
[White "Cerusico, Carlo"]
[Black "Marinucci, Johnny"]
[Result "1-0"]
[WhiteElo "1431"]
[BlackElo "1365"]
[PlyCount "71"]
[EventDate "2000.10.21"]

1.d4 d5 2.Nf3 Nf6 3.h3 h6 4.Bf4 Bf5 5.e3 c6 6.Bd3 Bxd3 7.Qxd3 e6 8.Nbd2 
Be7 9.O-O O-O 10.Rfe1 Nbd7 11.e4 dxe4 12.Nxe4 Nxe4 13.Rxe4 Nf6 14.Re2 Qb6 
15.c3 Rfd8 16.Rd1 Bd6 17.Ne5 Qc7 18.Qd2 Nd5 19.Bxh6 f6 20.Ng4 gxh6 21.Qxh6
Qg7 22.Rxe6 Qxh6 23.Nxh6+ Kg7 24.Nf5+ Kf7 25.Rxd6 Rxd6 26.Nxd6+ Ke6 27.
Nxb7 Rb8 28.Nc5+ Kf7 29.Rd2 Re8 30.Kf1 Rg8 31.Nd3 Nb6 32.b3 Nd5 33.c4 Ne7 
34.Nf4 Nf5 35.d5 cxd5 36.Rxd5 1-0

[Event "III Weekend A"]
[Site "Porto Sant'Elpidio ITA"]
[Date "2000.10.29"]
[Round "5"]
[White "Fioravanti, Emidio"]
[Black "Silvestri, Giorgio"]
[Result "1-0"]
[WhiteElo "1825"]
[BlackElo "1584"]
[PlyCount "40"]
[EventDate "2000.10.21"]

1.e4 c5 2.Nf3 d6 3.d4 cxd4 4.Nxd4 Nf6 5.Nc3 a6 6.Bc4 e6 7.Bb3 Be7 8.Be3 b5
9.a3 Bb7 10.Qf3 Qc8 11.g4 Nc6 12.Qg2 Nxd4 13.Bxd4 Qc6 14.f3 O-O 15.h4 Nd7 
16.g5 Ne5 17.h5 Nc4 18.g6 fxg6 19.hxg6 h6 20.Qh3 Bf6 1-0

[Event "III Weekend A"]
[Site "Porto Sant'Elpidio ITA"]
[Date "2000.10.29"]
[Round "5"]
[White "Gasparroni, Daniele"]
[Black "Castura', Ilario"]
[Result "0-1"]
[WhiteElo "1485"]
[BlackElo "1500"]
[PlyCount "72"]
[EventDate "2000.10.21"]

1.d4 Nf6 2.c4 g6 3.Nc3 Bg7 4.Nf3 d5 5.cxd5 Nxd5 6.e4 Nxc3 7.bxc3 O-O 8.Bc4
c5 9.Be3 Bg4 10.Rc1 cxd4 11.cxd4 Nc6 12.e5 Rc8 13.h3 Bxf3 14.gxf3 Na5 15.
Qd3 Nxc4 16.Rxc4 Qa5+ 17.Bd2 Qxa2 18.Rxc8 Rxc8 19.Ke2 Qc4 20.Rb1 Qxd3+ 21.
Kxd3 Rc7 22.f4 e6 23.Ba5 b6 24.Bxb6 Rb7 25.Kc4 Rxb6 26.Rxb6 axb6 27.Kb5 
Bh6 28.f5 gxf5 29.Kxb6 Bg5 30.Kc5 Kf8 31.d5 exd5 32.Kxd5 Ke7 33.Kc4 Ke6 
34.Kd4 h5 35.Kd3 Kxe5 36.Ke2 Ke4 0-1

[Event "III Weekend A"]
[Site "Porto Sant'Elpidio ITA"]
[Date "2000.10.29"]
[Round "5"]
[White "Gasparroni, Riccardo"]
[Black "Negri, Jacopo"]
[Result "0-1"]
[WhiteElo "1524"]
[BlackElo "1600"]
[PlyCount "116"]
[EventDate "2000.10.21"]

1.Nf3 Nf6 2.d4 e6 3.Bg5 d5 4.e3 c5 5.c3 a6 6.Nbd2 Nbd7 7.Ne5 cxd4 8.cxd4 
Qa5 9.Nxd7 Nxd7 10.a3 Bd6 11.f4 Nb6 12.Bd3 Nc4 13.Bxc4 dxc4 14.Rc1 b5 15.
O-O Bb7 16.Rf2 Rc8 17.Qc2 O-O 18.e4 c3 19.bxc3 Bxa3 20.Rcf1 Rxc3 21.Qd1 f6
22.Bh4 Rd3 23.Qe2 Rxd4 24.Nb3 Qd8 25.Nxd4 Qxd4 26.Qa2 Bc5 27.Qxe6+ Kh8 28.
Kh1 Qxe4 29.Qxe4 Bxe4 30.Ra2 Ra8 31.Rfa1 Bb7 32.Rc2 Bb6 33.Re1 h6 34.Re7 
Bd5 35.Rd7 Bc4 36.Be1 a5 37.Rb7 Be3 38.Bd2 Bd4 39.Rd7 Bc5 40.Rc7 Bf8 41.
Be3 a4 42.Ra7 Re8 43.Bf2 a3 44.Kg1 Kh7 45.g3 h5 46.Kg2 Bd5+ 47.Kh3 b4 48.
Rd2 Be6+ 49.Kg2 b3 50.Bd4 Bb4 51.Rd1 b2 52.Bxf6 Kg6 53.Bxg7 Bc4 54.Be5 Bd3
55.Rg7+ Kh6 56.Bxb2 axb2 57.Rd7 b1=Q 58.Rxb1 Bxb1 0-1

[Event "III Weekend A"]
[Site "Porto Sant'Elpidio ITA"]
[Date "2000.10.29"]
[Round "5"]
[White "Miandro, Roberto"]
[Black "Luciani, Valerio"]
[Result "1-0"]
[WhiteElo "1825"]
[BlackElo "2131"]
[PlyCount "69"]
[EventDate "2000.10.21"]

1.c4 e5 2.Nc3 d6 3.g3 f5 4.Bg2 Nf6 5.d3 Be7 6.Nf3 O-O 7.O-O c6 8.Rb1 a5 9.
a3 Qc7 10.b4 axb4 11.axb4 Kh8 12.b5 Be6 13.bxc6 bxc6 14.Qb3 Nbd7 15.Qb7 
Ra7 16.Qxc7 Rxc7 17.Bd2 e4 18.Nd4 Nc5 19.Nxe6 Nxe6 20.dxe4 fxe4 21.Nxe4 
Nd7 22.Bb4 c5 23.Bc3 Ne5 24.Bxe5 dxe5 25.e3 Ng5 26.Nc3 Ra7 27.Nd5 Bd6 28.
Rb6 Rd8 29.Rfb1 Kg8 30.h4 Ne6 31.Nc3 Nc7 32.Rd1 Ra6 33.Rb7 Ne8 34.Ne4 h6 
35.Nxc5 1-0